[Event "GER-chT Lands U20"]
[Site "Hannover"]
[Date "2015.10.03"]
[Round "1.7"]
[White "Breitzmann, Sander"]
[Black "Post, Hugo"]
[Result "1/2-1/2"]
[WhiteElo "1644"]
[BlackElo "1726"]
[PlyCount "163"]
[EventDate "2015.10.03"]
[EventType "team-swiss"]
[EventRounds "7"]
[EventCountry "GER"]
[SourceTitle "CBM 168 Extra"]
[Source "ChessBase"]
[SourceDate "2015.10.29"]
[SourceVersion "1"]
[SourceVersionDate "2015.10.29"]
[SourceQuality "1"]
[WhiteTeam "Berlin (U20)"]
[BlackTeam "Sachsen Anhalt U20"]
[WhiteTeamCountry "GER"]
[BlackTeamCountry "GER"]

1. e4 c5 2. Nc3 Nc6 3. g3 g6 4. Bg2 Bg7 5. d3 d6 6. Be3 e5 7. f4 Nge7 8. Nf3 exf4 9. Bxf4 0-0 10. 0-0 Nd4 11. e5 Nxf3+ 12. Bxf3 dxe5 13. Be3 Qc7 14. Ne4 c4 15. dxc4 Qxc4 16. Bc5 Re8 17. b3 Qb5 18. b4 Qa4 19. Nd6 Rd8 20. Qe2 Nf5 21. Nxc8 Raxc8 22. Bxb7 Rc7 23. Be4 Nd4 24. Qf2 Qa6 25. Bd3 Qb7 26. Bxd4 exd4 27. b5 Re7 28. Rae1 Rxe1 29. Rxe1 Bh6 30. Qg2 Qc7 31. Qe4 Be3+ 32. Kg2 Qc3 33. Rf1 Qb2 34. Qe7 Rf8 35. Qxa7 Qb4 36. b6 Qc5 37. Qb7 Qa5 38. Qc6 Rb8 39. b7 Qd8 40. Bc4 d3 41. cxd3 Ba7 42. Rxf7 Kh8 43. Rd7 Qf8 44. Bf7 Qg7 45. Qc2 Rf8 46. Be8 Qf6 47. Qe2 Kg8 48. d4 Qc6+ 49. d5 Qb6 50. Qe6+ Qxe6 51. dxe6 Rxe8 52. Rc7 Rxe6 53. Rc8+ Kg7 54. Ra8 Re2+ 55. Kh3 Rxa2 56. Rxa7 Rxa7 57. b8Q Rf7 58. Qe5+ Kg8 59. g4 h6 60. Kg3 Kh7 61. Qe6 Kg7 62. h4 Rf6 63. Qe5 Kf7 64. g5 hxg5 65. Qxg5 Rf5 66. Qh6 Rh5 67. Qf4+ Rf5 68. Qd6 Kg7 69. Qe7+ Kg8 70. Kg4 Kh8 71. Qe6 Kg7 72. Qe3 Kh7 73. Qe8 Kg7 74. Qe7+ Kg8 75. Qd7 Kh8 76. Qe8+ Kg7 77. Qe6 Kh7 78. h5 Rxh5 79. Qf7+ Kh6 80. Qg8 Rg5+ 81. Kf4 Rf5+ 82. Kg4 1/2-1/2

[Event "GER-ch U12"]
[Site "Willingen"]
[Date "2015.05.28"]
[Round "8"]
[White "Englert, Jon"]
[Black "Breitzmann, Sander"]
[Result "0-1"]
[WhiteElo "1712"]
[BlackElo "1553"]
[PlyCount "106"]
[EventDate "2015.05.24"]
[EventType "swiss"]
[EventRounds "11"]
[EventCountry "GER"]
[SourceTitle "CBM 166 Extra"]
[Source "ChessBase"]
[SourceDate "2015.06.18"]
[SourceVersion "1"]
[SourceVersionDate "2015.06.18"]
[SourceQuality "1"]

1. e4 e5 2. Nf3 Nc6 3. d4 exd4 4. Nxd4 Bc5 5. Nb3 Bb6 6. Nc3 Qf6 7. f3 Nge7 8. Bc4 Qg6 9. Qe2 Ne5 10. Bd3 a6 11. Bf4 d6 12. 0-0-0 Be6 13. Bg3 0-0-0 14. Na4 Nxd3+ 15. Qxd3 Ba7 16. Qc3 Kb8 17. Qd3 Rd7 18. Nc3 f5 19. Qe2 Nc6 20. Bf2 Bxf2 21. Qxf2 fxe4 22. Nxe4 Rf8 23. Qe2 Re8 24. Qd2 Bc4 25. Rhe1 Rde7 26. Ng3 Rxe1 27. Rxe1 Rxe1+ 28. Qxe1 Bxb3 29. axb3 Qh6+ 30. Kd1 Qxh2 31. Qf2 Qh4 32. Ke2 Nd4+ 33. Kd3 Nf5 34. Ne4 Qxf2 35. Nxf2 Kc8 36. Ke4 Ne7 37. Nh3 h6 38. Nf4 g6 39. b4 Kd7 40. g4 g5 41. Nh5 b5 42. Ng7 d5+ 43. Ke5 Nc6+ 44. Kxd5 Nxb4+ 45. Kc5 Nxc2 46. Nf5 Ne1 47. Nxh6 Nxf3 48. Nf5 Ne5 49. Ne3 Nd3+ 50. Kd4 Nxb2 51. Kc3 Nc4 52. Nc2 c5 53. Kb3 Kd6 0-1